[Event "Hull 4NCL International GM Event"]
[Site "Hull"]
[Date "2019.11.02"]
[Round "6"]
[Board "3"]
[White "Turner, Matthew J"]
[Black "Eggleston, David J"]
[Result "1-0"]
[WhiteElo "2519"]
[BlackElo "2394"]
[PlyCount "0"]
[EventDate "2019.10.30"]
[EventRounds "9"]
[EventCountry "ENG"]

1. d4 {[%clk 01:30:55]} {[%emt 00:00:04]} Nf6 {[%clk 01:30:53]} {[%emt
00:00:07]} 2. Nf3 {[%clk 01:30:58]} {[%emt 00:00:28]} b6 {[%clk 01:31:18]}
{[%emt 00:00:05]} 3. g3 {[%clk 01:29:27]} {[%emt 00:02:01]} Bb7 {[%clk
01:31:35]} {[%emt 00:00:13]} 4. Bg2 {[%clk 01:29:52]} {[%emt 00:00:04]} e6
{[%clk 01:31:42]} {[%emt 00:00:23]} 5. O-O {[%clk 01:30:07]} {[%emt 00:00:15]}
Be7 {[%clk 01:31:43]} {[%emt 00:00:29]} 6. c4 {[%clk 01:29:25]} {[%emt
00:01:13]} O-O {[%clk 01:32:05]} {[%emt 00:00:08]} 7. d5 {[%clk 01:27:55]}
{[%emt 00:02:01]} exd5 {[%clk 01:32:25]} {[%emt 00:00:10]} 8. Nh4 {[%clk
01:28:10]} {[%emt 00:00:15]} c6 {[%clk 01:32:34]} {[%emt 00:00:20]} 9. cxd5
{[%clk 01:28:07]} {[%emt 00:00:33]} Nxd5 {[%clk 01:32:54]} {[%emt 00:00:10]} 10.
Nf5 {[%clk 01:28:28]} {[%emt 00:00:08]} Nc7 {[%clk 01:33:05]} {[%emt 00:00:18]}
11. e4 {[%clk 01:27:02]} {[%emt 00:01:58]} d5 {[%clk 01:33:20]} {[%emt
00:00:15]} 12. exd5 {[%clk 01:25:38]} {[%emt 00:01:55]} cxd5 {[%clk 01:32:01]}
{[%emt 00:01:49]} 13. Nc3 {[%clk 01:24:40]} {[%emt 00:01:28]} Nba6 {[%clk
01:29:02]} {[%emt 00:03:29]} 14. Bf4 {[%clk 01:20:33]} {[%emt 00:04:36]} Bf6
{[%clk 01:21:18]} {[%emt 00:08:14]} 15. Re1 {[%clk 01:18:29]} {[%emt 00:02:35]}
Bc8 {[%clk 01:16:36]} {[%emt 00:05:12]} 16. Qh5 {[%clk 01:07:46]} {[%emt
00:11:12]} Be6 {[%clk 01:07:27]} {[%emt 00:09:39]} 17. Rad1 {[%clk 01:05:29]}
{[%emt 00:02:48]} Qd7 {[%clk 00:53:04]} {[%emt 00:14:52]} 18. Nxd5 {[%clk
01:02:05]} {[%emt 00:03:54]} Bxd5 {[%clk 00:39:11]} {[%emt 00:14:23]} 19. Bxd5
{[%clk 01:01:16]} {[%emt 00:01:20]} Nxd5 {[%emt 00:04:16]} 20. Rxd5 {[%clk
01:01:37]} {[%emt 00:00:07]} Qb7 {[%clk 00:28:59]} {[%emt 00:06:57]} 21. Bg5
{[%clk 00:54:23]} {[%emt 00:07:44]} Bxb2 {[%clk 00:20:08]} {[%emt 00:09:21]} 22.
Ne7+ {[%clk 00:49:21]} {[%emt 00:17:40]} Kh8 {[%clk 00:20:27]} 23. Re4 {[%clk
00:49:27]} g6 {[%clk 00:13:19]} 24. Qh4 {[%clk 00:47:59]} Bg7 {[%clk 00:10:09]}
{[%emt 00:01:43]} 25. Bf6 {[%clk 00:47:04]} {[%emt 00:01:25]} Rg8 {[%clk
00:07:01]} {[%emt 00:03:37]} 26. Rdd4 {[%clk 00:45:26]} {[%emt 00:02:08]} h5
{[%clk 00:03:25]} {[%emt 00:04:06]} 27. Qf4 {[%clk 00:41:59]} {[%emt 00:03:57]}
Kh7 {[%clk 00:03:15]} {[%emt 00:00:41]} 28. Nxg8 {[%clk 00:42:12]} {[%emt
00:00:17]} Rxg8 {[%clk 00:02:48]} {[%emt 00:00:57]} 29. Re7 {[%clk 00:42:31]}
{[%emt 00:00:11]} Qc6 {[%clk 00:02:24]} {[%emt 00:00:54]} 30. Rxf7 {[%clk
00:42:07]} {[%emt 00:00:54]} Nc5 {[%clk 00:02:28]} {[%emt 00:00:26]} 31. Bxg7
{[%clk 00:37:26]} {[%emt 00:05:10]} Rxg7 {[%clk 00:02:56]} {[%emt 00:00:02]} 32.
Rxg7+ {[%clk 00:37:51]} {[%emt 00:00:06]} Kxg7 {[%clk 00:03:24]} {[%emt
00:00:02]} 33. Qe5+ {[%clk 00:38:13]} {[%emt 00:00:07]} Qf6 {[%clk 00:03:14]}
{[%emt 00:00:40]} 34. Qxf6+ {[%clk 00:38:09]} {[%emt 00:00:34]} Kxf6 {[%clk
00:03:43]} 35. f4 {[%clk 00:38:30]} {[%emt 00:00:09]} g5 {[%clk 00:02:22]}
{[%emt 00:01:52]} 36. fxg5+ {[%clk 00:38:43]} {[%emt 00:00:17]} Kxg5 {[%clk
00:02:50]} {[%emt 00:00:01]} 37. Kf2 {[%clk 00:39:02]} {[%emt 00:00:11]} Kf5
{[%clk 00:02:53]} {[%emt 00:00:28]} 38. Ke3 {[%clk 00:39:15]} {[%emt 00:00:16]}
Kg5 {[%clk 00:02:56]} {[%emt 00:00:28]} 39. h4+ {[%clk 00:38:09]} {[%emt
00:01:36]} Kf5 {[%clk 00:03:19]} {[%emt 00:00:07]} 40. Rd5+ {[%clk 00:38:31]}
{[%emt 00:00:08]} Kg6 {[%clk 00:03:38]} {[%emt 00:00:11]} 41. Kd4 {[%clk
00:38:15]} {[%emt 00:00:45]} Kh6 {[%clk 00:03:50]} {[%emt 00:00:18]} 42. Rd6+
{[%clk 00:38:15]} {[%emt 00:00:30]} Kg7 {[%clk 00:04:14]} {[%emt 00:00:06]} 43.
Ke5 {[%clk 00:38:32]} {[%emt 00:00:13]} Kh7 {[%clk 00:04:28]} {[%emt 00:00:17]}
44. Kf5 {[%clk 00:38:43]} {[%emt 00:00:18]} Kg7 {[%clk 00:04:46]} {[%emt
00:00:12]} 45. Rc6 {[%clk 00:38:56]} {[%emt 00:00:17]}  1-0

[Event "Hull 4NCL International GM Event"]
[Site "Hull"]
[Date "2019.11.02"]
[Round "6"]
[Board "4"]
[White "Plat, Vojtech"]
[Black "Greet, Andrew N"]
[Result "1-0"]
[WhiteElo "2573"]
[BlackElo "2414"]
[PlyCount "0"]
[EventDate "2019.10.30"]
[EventRounds "9"]
[EventCountry "ENG"]

1. c4 {[%clk 01:30:55]} {[%emt 00:00:04]} e6 {[%clk 01:28:30]} {[%emt
00:02:31]} 2. d4 {[%clk 01:31:17]} {[%emt 00:00:08]} Nf6 {[%clk 01:28:30]}
{[%emt 00:00:30]} 3. g3 {[%clk 01:31:28]} {[%emt 00:00:19]} c5 {[%clk
01:25:27]} {[%emt 00:03:33]} 4. Nf3 {[%clk 01:31:53]} {[%emt 00:00:05]} cxd4
{[%clk 01:25:47]} {[%emt 00:00:10]} 5. Nxd4 {[%clk 01:32:18]} {[%emt 00:00:04]}
Qc7 {[%clk 01:26:04]} {[%emt 00:00:14]} 6. Nc3 {[%clk 01:31:23]} {[%emt
00:01:25]} a6 {[%clk 01:26:11]} {[%emt 00:00:23]} 7. Bg2 {[%clk 01:28:55]}
{[%emt 00:02:57]} Qxc4 {[%clk 01:24:00]} {[%emt 00:02:41]} 8. O-O {[%clk
01:29:20]} {[%emt 00:00:05]} Nc6 {[%clk 01:21:02]} {[%emt 00:03:28]} 9. Nb3
{[%emt 00:04:00]} d5 {[%clk 01:18:29]} 10. Bf4 {[%clk 01:29:18]} {[%emt
00:00:06]} Qb4 {[%clk 01:15:35]} {[%emt 00:03:24]} 11. Rc1 {[%clk 01:23:12]}
{[%emt 00:06:37]} Be7 {[%clk 01:11:32]} {[%emt 00:04:32]} 12. e4 {[%clk
01:20:09]} {[%emt 00:03:33]} Nxe4 {[%clk 00:53:25]} {[%emt 00:18:37]} 13. Nxe4
{[%clk 01:19:03]} {[%emt 00:01:36]} dxe4 {[%clk 00:53:50]} {[%emt 00:00:05]} 14.
Bd2 {[%clk 01:12:52]} {[%emt 00:06:41]} Qb5 {[%clk 00:52:24]} {[%emt 00:01:56]}
15. Bxe4 {[%clk 01:12:36]} {[%emt 00:00:46]} O-O {[%clk 00:51:17]} {[%emt
00:01:36]} 16. Qc2 {[%clk 01:10:05]} {[%emt 00:03:01]} f5 {[%clk 00:50:40]}
{[%emt 00:01:08]} 17. Bxc6 {[%clk 01:10:18]} {[%emt 00:00:17]} bxc6 {[%clk
00:37:44]} {[%emt 00:13:26]} 18. Nd4 {[%clk 01:09:17]} {[%emt 00:01:31]} Qd5
{[%clk 00:36:22]} {[%emt 00:01:52]} 19. Nxc6 {[%clk 01:08:45]} {[%emt
00:01:02]} Re8 {[%clk 00:33:16]} {[%emt 00:03:36]} 20. Bf4 {[%clk 01:06:24]}
{[%emt 00:02:51]} Bb7 {[%clk 00:28:00]} {[%emt 00:05:46]} 21. Rfd1 {[%clk
01:05:21]} {[%emt 00:01:33]} Qxc6 {[%clk 00:25:17]} {[%emt 00:03:12]} 22. Qxc6
{[%clk 01:05:47]} {[%emt 00:00:04]} Bxc6 {[%clk 00:25:44]} {[%emt 00:00:03]} 23.
Rxc6 {[%clk 01:06:13]} {[%emt 00:00:04]} Bf6 {[%clk 00:25:59]} {[%emt
00:00:15]} 24. b4 {[%clk 01:04:49]} {[%emt 00:01:54]} e5 {[%clk 00:24:03]}
{[%emt 00:02:26]} 25. Be3 {[%clk 01:04:51]} {[%emt 00:00:28]} Reb8 {[%clk
00:24:11]} {[%emt 00:00:21]} 26. Bb6 {[%clk 01:00:02]} {[%emt 00:05:20]} Rc8
{[%clk 00:22:15]} {[%emt 00:02:26]} 27. Rdc1 {[%clk 01:00:27]} {[%emt
00:00:05]} Rxc6 {[%clk 00:22:38]} {[%emt 00:00:07]} 28. Rxc6 {[%clk 01:00:56]}
{[%emt 00:00:01]} Kf7 {[%clk 00:22:51]} {[%emt 00:00:16]} 29. Bc5 {[%clk
01:00:54]} {[%emt 00:00:32]} h5 {[%clk 00:20:37]} {[%emt 00:02:44]} 30. a4
{[%clk 01:00:07]} {[%emt 00:01:17]} h4 {[%clk 00:19:35]} {[%emt 00:01:31]} 31.
Kg2 {[%clk 01:00:33]} {[%emt 00:00:03]} hxg3 {[%clk 00:17:15]} {[%emt
00:13:40]} 32. hxg3 {[%clk 01:00:55]} e4 {[%clk 00:15:36]} 33. Kf1 {[%emt
00:04:18]} Bc3 {[%clk 00:11:26]} 34. Ke2 {[%clk 00:50:33]} {[%emt 00:03:11]} g5
{[%clk 00:09:17]} {[%emt 00:02:39]} 35. Ke3 {[%clk 00:50:14]} {[%emt 00:00:50]}
Rd8 {[%clk 00:08:37]} {[%emt 00:01:11]} 36. Bd6 {[%clk 00:50:38]} {[%emt
00:00:06]} a5 {[%clk 00:07:14]} {[%emt 00:01:53]} 37. b5 {[%clk 00:49:27]}
{[%emt 00:01:40]} Bb4 {[%clk 00:06:59]} {[%emt 00:00:45]} 38. Bxb4 {[%clk
00:49:53]} {[%emt 00:00:04]} axb4 {[%clk 00:07:26]} {[%emt 00:00:04]} 39. b6
{[%clk 00:49:53]} {[%emt 00:00:31]}  1-0

[Event "Hull 4NCL International GM Event"]
[Site "Hull"]
[Date "2019.11.02"]
[Round "7"]
[Board "1"]
[White "Palliser, Richard J D"]
[Black "Merry, Alan B"]
[Result "1-0"]
[WhiteElo "2413"]
[BlackElo "2426"]
[PlyCount "0"]
[EventDate "2019.10.30"]
[EventRounds "9"]
[EventCountry "ENG"]

1. d4 {[%clk 01:30:55]} {[%emt 00:00:05]} Nf6 {[%clk 01:30:56]} {[%emt
00:00:04]} 2. c4 {[%clk 01:31:16]} {[%emt 00:00:09]} g6 {[%clk 01:31:23]}
{[%emt 00:00:04]} 3. Nc3 {[%clk 01:31:35]} {[%emt 00:00:11]} Bg7 {[%clk
01:31:49]} {[%emt 00:00:04]} 4. e4 {[%clk 01:32:02]} {[%emt 00:00:03]} d6
{[%clk 01:32:15]} {[%emt 00:00:04]} 5. h3 {[%clk 01:31:49]} {[%emt 00:00:42]}
O-O {[%clk 01:32:39]} {[%emt 00:00:05]} 6. Be3 {[%clk 01:32:17]} {[%emt
00:00:02]} c5 {[%clk 01:33:06]} {[%emt 00:00:04]} 7. Nf3 {[%clk 01:32:04]}
{[%emt 00:00:43]} cxd4 {[%clk 01:31:50]} {[%emt 00:01:46]} 8. Nxd4 {[%clk
01:32:20]} {[%emt 00:00:14]} b6 {[%clk 01:31:46]} {[%emt 00:00:34]} 9. g3
{[%clk 01:28:53]} {[%emt 00:03:57]} Bb7 {[%clk 01:31:35]} {[%emt 00:00:42]} 10.
Bg2 {[%clk 01:29:18]} {[%emt 00:00:04]} Nbd7 {[%clk 01:22:47]} {[%emt
00:09:18]} 11. O-O {[%emt 00:09:44]} Rc8 {[%clk 01:14:09]} 12. b3 {[%clk
01:29:19]} {[%emt 00:00:23]} Re8 {[%clk 01:13:12]} {[%emt 00:01:27]} 13. Rc1
{[%clk 01:25:13]} {[%emt 00:04:36]} Qc7 {[%clk 01:12:18]} {[%emt 00:01:24]} 14.
Re1 {[%clk 01:20:44]} {[%emt 00:05:00]} Qb8 {[%clk 01:12:16]} {[%emt 00:00:33]}
15. Qd2 {[%clk 01:18:53]} {[%emt 00:02:21]} a6 {[%clk 01:11:48]} {[%emt
00:00:58]} 16. Bh6 {[%clk 01:11:05]} {[%emt 00:08:17]} Bh8 {[%clk 01:06:56]}
{[%emt 00:05:22]} 17. Nf5 {[%clk 00:53:16]} {[%emt 00:18:20]} Nf8 {[%clk
01:02:22]} {[%emt 00:05:03]} 18. Ne3 {[%clk 00:50:59]} {[%emt 00:02:47]} b5
{[%clk 00:58:23]} {[%emt 00:04:30]} 19. Ncd5 {[%clk 00:50:28]} {[%emt
00:01:01]} bxc4 {[%clk 00:54:18]} {[%emt 00:04:34]} 20. bxc4 {[%clk 00:43:31]}
{[%emt 00:07:27]} Qa7 {[%clk 00:45:02]} {[%emt 00:09:46]} 21. Rb1 {[%clk
00:43:04]} {[%emt 00:00:57]} Nxd5 {[%clk 00:41:05]} {[%emt 00:04:26]} 22. exd5
{[%clk 00:42:33]} {[%emt 00:01:01]} Nd7 {[%clk 00:33:59]} {[%emt 00:07:36]} 23.
Bf1 {[%clk 00:30:50]} {[%emt 00:12:13]} Rb8 {[%clk 00:30:05]} {[%emt 00:04:24]}
24. Nc2 {[%clk 00:29:42]} {[%emt 00:01:38]} Bc8 {[%clk 00:27:30]} {[%emt
00:03:05]} 25. Be3 {[%clk 00:27:10]} {[%emt 00:03:02]} Qc7 {[%clk 00:27:49]}
{[%emt 00:00:11]} 26. Rxb8 {[%clk 00:27:32]} {[%emt 00:00:08]} Qxb8 {[%clk
00:28:00]} {[%emt 00:00:19]} 27. Nd4 {[%clk 00:27:41]} {[%emt 00:00:21]} Qc7
{[%clk 00:27:09]} {[%emt 00:01:21]} 28. Nc6 {[%clk 00:23:20]} {[%emt 00:04:51]}
Bb7 {[%clk 00:25:38]} {[%emt 00:02:00]} 29. Qa5 {[%clk 00:22:45]} {[%emt
00:01:05]} Qxa5 {[%clk 00:20:44]} {[%emt 00:05:24]} 30. Nxa5 {[%clk 00:23:14]}
{[%emt 00:00:01]} Ba8 {[%clk 00:19:43]} {[%emt 00:01:31]} 31. Rb1 {[%clk
00:22:18]} {[%emt 00:01:26]} Bc3 {[%clk 00:15:49]} {[%emt 00:04:25]} 32. Nc6
{[%clk 00:21:46]} {[%emt 00:01:03]} Bf6 {[%clk 00:13:14]} {[%emt 00:03:04]} 33.
Bg2 {[%clk 00:20:34]} {[%emt 00:01:42]} Rc8 {[%clk 00:12:26]} {[%emt 00:01:18]}
34. f4 {[%clk 00:19:28]} {[%emt 00:01:36]} Kf8 {[%clk 00:12:27]} {[%emt
00:00:28]} 35. g4 {[%clk 00:18:37]} {[%emt 00:01:21]} h6 {[%clk 00:11:56]}
{[%emt 00:01:01]} 36. Kh2 {[%clk 00:14:47]} {[%emt 00:04:21]} g5 {[%clk
00:11:49]} {[%emt 00:00:37]} 37. Kg3 {[%clk 00:15:13]} {[%emt 00:00:04]} gxf4+
{[%clk 00:09:56]} {[%emt 00:02:23]} 38. Bxf4 {[%clk 00:15:41]} {[%emt
00:00:02]} Bg5 {[%clk 00:09:54]} {[%emt 00:00:31]} 39. h4 {[%clk 00:15:43]}
{[%emt 00:00:29]} Bxf4+ {[%clk 00:10:20]} {[%emt 00:00:05]} 40. Kxf4 {[%clk
00:16:11]} {[%emt 00:00:01]} Bxc6 {[%clk 00:06:53]} {[%emt 00:03:56]} 41. dxc6
{[%clk 00:16:37]} {[%emt 00:00:04]} Ne5 {[%clk 00:07:20]} {[%emt 00:00:03]} 42.
Rb6 {[%clk 00:15:21]} {[%emt 00:01:46]} a5 {[%clk 00:07:33]} {[%emt 00:00:17]}
43. g5 {[%clk 00:12:25]} {[%emt 00:03:25]} hxg5+ {[%clk 00:07:38]} {[%emt
00:00:24]} 44. Kxg5 {[%clk 00:11:45]} {[%emt 00:01:11]} f6+ {[%clk 00:04:53]}
{[%emt 00:03:15]} 45. Kf5 {[%clk 00:08:02]} {[%emt 00:04:13]} Nxc4 {[%clk
00:05:03]} {[%emt 00:00:20]} 46. Rb7 {[%clk 00:08:32]} {[%emt 00:00:01]} Ne3+
{[%clk 00:00:52]} {[%emt 00:04:41]} 47. Ke6 {[%clk 00:08:59]} {[%emt 00:00:03]}
Nxg2 {[%clk 00:00:56]} {[%emt 00:00:26]} 48. Kd7 {[%clk 00:06:32]} {[%emt
00:02:56]} Rxc6 {[%clk 00:01:07]} {[%emt 00:00:19]} 49. Kxc6 {[%clk 00:07:01]}
{[%emt 00:00:01]} Nxh4 {[%clk 00:01:13]} {[%emt 00:00:24]} 50. Rb5 {[%clk
00:07:18]} {[%emt 00:00:14]} f5 {[%clk 00:01:03]} {[%emt 00:00:40]} 51. Rxa5
{[%clk 00:07:24]} {[%emt 00:00:24]} Kf7 {[%clk 00:00:51]} {[%emt 00:00:41]} 52.
a4 {[%clk 00:07:04]} {[%emt 00:00:51]} Ke6 {[%clk 00:00:50]} {[%emt 00:00:30]}
53. Ra8 {[%clk 00:06:50]} {[%emt 00:00:44]} f4 {[%clk 00:01:19]} {[%emt
00:00:02]} 54. Rh8 {[%clk 00:06:38]} {[%emt 00:00:42]} Nf5 {[%clk 00:01:39]}
{[%emt 00:00:09]} 55. a5 {[%clk 00:06:42]} {[%emt 00:00:26]} Nd4+ {[%clk
00:01:27]} {[%emt 00:00:42]} 56. Kb6 {[%clk 00:07:02]} {[%emt 00:00:11]} Kd5
{[%clk 00:01:19]} {[%emt 00:00:38]} 57. a6 {[%clk 00:07:17]} {[%emt 00:00:15]}
Nc6 {[%clk 00:01:44]} {[%emt 00:00:04]} 58. Rc8 {[%clk 00:07:23]} {[%emt
00:00:25]}  1-0

[Event "Hull 4NCL International GM Event"]
[Site "Hull"]
[Date "2019.11.02"]
[Round "7"]
[Board "3"]
[White "Eggleston, David J"]
[Black "Plat, Vojtech"]
[Result "0-1"]
[WhiteElo "2394"]
[BlackElo "2573"]
[PlyCount "0"]
[EventDate "2019.10.30"]
[EventRounds "9"]
[EventCountry "ENG"]

1. e4 {[%clk 01:30:58]} c5 {[%clk 01:30:54]} {[%emt 00:00:06]} 2. Nf3 {[%clk
01:31:22]} {[%emt 00:00:07]} Nc6 {[%clk 01:31:20]} {[%emt 00:00:04]} 3. d4
{[%clk 01:31:47]} {[%emt 00:00:05]} cxd4 {[%clk 01:31:46]} {[%emt 00:00:04]} 4.
Nxd4 {[%clk 01:32:13]} {[%emt 00:00:04]} e5 {[%clk 01:32:10]} {[%emt 00:00:06]}
5. Nb5 {[%clk 01:32:33]} {[%emt 00:00:09]} a6 {[%clk 01:32:37]} {[%emt
00:00:05]} 6. Nd6+ {[%clk 01:32:48]} {[%emt 00:00:15]} Bxd6 {[%clk 01:33:02]}
{[%emt 00:00:05]} 7. Qxd6 {[%clk 01:33:07]} {[%emt 00:00:10]} Qf6 {[%clk
01:33:29]} {[%emt 00:00:03]} 8. Qxf6 {[%clk 01:31:31]} {[%emt 00:02:06]} Nxf6
{[%clk 01:33:55]} {[%emt 00:00:04]} 9. Nc3 {[%clk 01:31:52]} {[%emt 00:00:09]}
Nb4 {[%clk 01:34:22]} {[%emt 00:00:04]} 10. Kd2 {[%clk 01:26:05]} {[%emt
00:06:16]} d6 {[%clk 01:34:42]} {[%emt 00:00:10]} 11. a3 {[%clk 01:20:36]}
{[%emt 00:05:59]} Nc6 {[%clk 01:35:08]} {[%emt 00:00:03]} 12. b3 {[%clk
01:19:33]} {[%emt 00:01:34]} Be6 {[%clk 01:35:25]} {[%emt 00:00:13]} 13. Bb2
{[%clk 01:19:50]} {[%emt 00:00:13]} O-O-O {[%clk 01:27:12]} {[%emt 00:08:42]}
14. Re1 {[%clk 01:19:15]} {[%emt 00:01:05]} h5 {[%clk 01:27:18]} {[%emt
00:00:24]} 15. h4 {[%clk 01:18:23]} {[%emt 00:01:22]} Rh6 {[%clk 01:26:41]}
{[%emt 00:01:08]} 16. Kc1 {[%clk 01:15:56]} {[%emt 00:02:57]} Rg6 {[%clk
01:26:53]} {[%emt 00:00:17]} 17. f3 {[%clk 01:09:21]} {[%emt 00:07:05]} Ne8
{[%clk 01:27:19]} {[%emt 00:00:04]} 18. Rd1 {[%clk 01:08:57]} {[%emt 00:00:54]}
Nc7 {[%clk 01:27:44]} {[%emt 00:00:05]} 19. Rd2 {[%clk 01:06:24]} {[%emt
00:03:03]} Ne7 {[%clk 01:26:54]} {[%emt 00:01:20]} 20. Bd3 {[%clk 01:02:40]}
{[%emt 00:04:15]} Rg3 {[%clk 01:23:19]} {[%emt 00:04:04]} 21. Rg1 {[%clk
01:00:45]} {[%emt 00:02:25]} f6 {[%clk 01:20:47]} {[%emt 00:03:03]} 22. Ne2
{[%clk 00:58:39]} {[%emt 00:02:36]} Rg6 {[%clk 01:21:15]} {[%emt 00:00:02]} 23.
g3 {[%clk 00:54:04]} {[%emt 00:05:06]} Rh6 {[%clk 01:19:26]} {[%emt 00:02:18]}
24. c4 {[%clk 00:53:19]} {[%emt 00:01:16]} g5 {[%clk 01:19:29]} {[%emt
00:00:27]} 25. f4 {[%clk 00:51:03]} {[%emt 00:02:46]} Bg4 {[%clk 01:19:41]}
{[%emt 00:00:17]} 26. hxg5 {[%clk 00:48:55]} {[%emt 00:02:38]} fxg5 {[%clk
01:20:07]} {[%emt 00:00:04]} 27. fxg5 {[%clk 00:30:41]} {[%emt 00:18:44]} Rg6
{[%clk 01:20:29]} {[%emt 00:00:09]} 28. Rf1 {[%clk 00:30:56]} {[%emt 00:00:14]}
Nc6 {[%clk 01:18:44]} {[%emt 00:02:16]} 29. Ng1 {[%clk 00:24:16]} {[%emt
00:07:09]} Ne6 {[%clk 01:17:24]} {[%emt 00:01:50]} 30. Rdf2 {[%clk 00:15:40]}
{[%emt 00:09:07]} Rxg5 {[%clk 01:15:05]} {[%emt 00:02:49]} 31. b4 {[%clk
00:15:33]} {[%emt 00:00:37]} Rg7 {[%clk 01:14:01]} {[%emt 00:01:33]} 32. Rf7
{[%clk 00:15:28]} {[%emt 00:00:35]} Rdg8 {[%clk 01:12:57]} {[%emt 00:01:34]} 33.
Rxg7 {[%clk 00:15:01]} {[%emt 00:00:58]} Rxg7 {[%clk 01:13:21]} {[%emt
00:00:05]} 34. Kd2 {[%clk 00:13:45]} {[%emt 00:01:47]} Kd7 {[%clk 01:13:16]}
{[%emt 00:00:35]} 35. Bc3 {[%clk 00:12:14]} {[%emt 00:02:01]} Ncd4 {[%clk
01:13:42]} {[%emt 00:00:05]} 36. Ke3 {[%clk 00:11:30]} {[%emt 00:01:13]} Bh3
{[%clk 01:14:07]} {[%emt 00:00:05]} 37. Nxh3 {[%clk 00:10:05]} {[%emt
00:01:55]} Rxg3+ {[%clk 01:14:29]} {[%emt 00:00:08]} 38. Kd2 {[%clk 00:10:23]}
{[%emt 00:00:12]} Nb3+ {[%clk 01:12:25]} {[%emt 00:02:34]} 39. Kc2 {[%clk
00:10:16]} {[%emt 00:00:38]} Ned4+ {[%clk 01:12:21]} {[%emt 00:00:34]} 40. Bxd4
{[%clk 00:10:15]} {[%emt 00:00:31]} Nxd4+ {[%clk 01:12:49]} {[%emt 00:00:02]}
41. Kd2 {[%clk 00:10:11]} {[%emt 00:00:34]} Rxh3 {[%clk 01:13:14]} {[%emt
00:00:04]} 42. Rf7+ {[%clk 00:10:38]} {[%emt 00:00:04]} Kc6 {[%clk 01:13:32]}
{[%emt 00:00:11]} 43. a4 {[%clk 00:06:56]} {[%emt 00:04:12]} a5 {[%clk
01:12:31]} {[%emt 00:01:31]} 44. b5+ {[%clk 00:06:35]} {[%emt 00:00:52]} Kb6
{[%clk 01:12:56]} {[%emt 00:00:05]} 45. c5+ {[%clk 00:05:12]} {[%emt 00:01:53]}
Kxc5 {[%clk 01:13:23]} {[%emt 00:00:03]} 46. Rxb7 {[%clk 00:05:38]} {[%emt
00:00:04]} Nb3+ {[%clk 01:12:20]} {[%emt 00:01:33]} 47. Kc2 {[%clk 00:03:50]}
{[%emt 00:02:17]} Kb4 {[%clk 01:12:44]} {[%emt 00:00:07]} 48. Bf1 {[%clk
00:01:20]} {[%emt 00:03:00]} Rf3 {[%clk 01:12:51]} {[%emt 00:00:22]} 49. Be2
{[%clk 00:00:37]} {[%emt 00:01:13]} Rc3+ {[%clk 01:13:17]} {[%emt 00:00:03]} 50.
Kb2 {[%clk 00:00:43]} {[%emt 00:00:25]} Nc5 {[%clk 01:13:44]} {[%emt 00:00:04]}
51. Rh7 {[%clk 00:00:34]} {[%emt 00:00:39]} Nxa4+ {[%clk 01:13:54]} {[%emt
00:00:20]} 52. Kb1 {[%clk 00:00:57]} {[%emt 00:00:07]} Rh3 {[%clk 01:12:02]}
{[%emt 00:02:21]} 53. Bxh5 {[%clk 00:00:50]} {[%emt 00:00:38]} Nc3+ {[%clk
01:12:27]} {[%emt 00:00:06]} 54. Kc2 {[%clk 00:01:12]} {[%emt 00:00:09]} Nxb5
{[%clk 01:12:53]} {[%emt 00:00:04]} 55. Bg6 {[%clk 00:00:47]} {[%emt 00:00:54]}
Rxh7 {[%clk 01:13:21]} {[%emt 00:00:02]} 56. Bxh7 {[%clk 00:01:11]} {[%emt
00:00:06]} a4 {[%clk 01:13:48]} {[%emt 00:00:04]} 57. Kb2 {[%clk 00:01:32]}
{[%emt 00:00:09]} a3+ {[%clk 01:14:11]} {[%emt 00:00:07]} 58. Ka2 {[%clk
00:01:56]} {[%emt 00:00:07]} Nc3+ {[%clk 01:14:28]} {[%emt 00:00:13]} 59. Ka1
{[%clk 00:02:23]} {[%emt 00:00:03]} Kc4 {[%clk 01:14:46]} {[%emt 00:00:11]} 60.
Bg6 {[%clk 00:02:34]} {[%emt 00:00:19]} Kd4 {[%clk 01:15:12]} {[%emt 00:00:03]}
61. Bh7 {[%clk 00:03:01]} {[%emt 00:00:03]} Ke3 {[%clk 01:15:31]} {[%emt
00:00:11]} 62. Bg6 {[%clk 00:03:24]} {[%emt 00:00:07]} Nxe4 {[%clk 01:15:52]}
{[%emt 00:00:09]} 63. Ka2 {[%clk 00:03:51]} {[%emt 00:00:03]} d5 {[%clk
01:16:18]} {[%emt 00:00:04]} 64. Kxa3 {[%clk 00:04:17]} {[%emt 00:00:04]} d4
{[%clk 01:16:45]} {[%emt 00:00:02]} 65. Kb2 {[%clk 00:04:40]} {[%emt 00:00:08]}
Nf2 {[%clk 01:17:03]} {[%emt 00:00:12]}  0-1